| 000 | 00350nam a22001217a 4500 | ||
|---|---|---|---|
| 008 | 230620b xxu||||| |||| 00| 0 eng d | ||
| 082 |
_a324.6 _bSAD |
||
| 100 | _cSADC | ||
| 245 |
_aZambia 2001 Presidential, Parliamentary and Local Government Elections _bElection Observation Report |
||
| 260 |
_aNamibia _bSADC _c2001 |
||
| 300 | _a46P | ||
| 942 |
_2ddc _cBK |
||
| 999 |
_c1758 _d1758 |
||